Loading...
| Philosophy | 0 | 7 | 1 | 2 | 65 | 65 | 92.57 | 0 | 7 | 0.00 | 0.00 |
| History - World | 0 | 6 | 0 | 0 | 60 | 40 | 72.17 | 1 | 6 | 0.00 | 0.00 |
| Fine Arts - Other | 0 | 4 | 1 | 0 | 35 | 103 | 113.25 | 2 | 4 | 0.00 | 0.00 |
| History - Other | 0 | 4 | 1 | 4 | 35 | 114 | 124.00 | 1 | 4 | 0.00 | 0.00 |
| History - American | 0 | 3 | 0 | 0 | 30 | 86 | 92.33 | 0 | 3 | 0.00 | 0.00 |
| Social Science | 0 | 2 | 0 | 0 | 20 | 67 | 82.50 | 2 | 2 | 0.00 | 0.00 |
| History - European | 0 | 2 | 0 | 0 | 20 | 48 | 77.00 | 1 | 2 | 0.00 | 0.00 |
| Literature - British | 0 | 1 | 0 | 1 | 10 | 138 | 138.00 | 0 | 1 | 0.00 | 0.00 |
| Fine Arts - Classical Music | 0 | 1 | 0 | 1 | 10 | 120 | 120.00 | 0 | 1 | 0.00 | 0.00 |
| Literature - European | 0 | 2 | 2 | 1 | 10 | 118 | 131.00 | 0 | 2 | 0.00 | 0.00 |
| Mythology | 0 | 1 | 0 | 0 | 10 | 128 | 128.00 | 0 | 1 | 0.00 | 0.00 |
| Science - Chemistry | 0 | 1 | 0 | 1 | 10 | 110 | 110.00 | 0 | 1 | 0.00 | 0.00 |
| Geography/Current Events | 0 | 1 | 1 | 0 | 5 | 75 | 75.00 | 0 | 1 | 0.00 | 0.00 |
| Pop Culture | 0 | 0 | 0 | 0 | 0 | 0.00 | 0 | 0 | 0.00 | 0.00 | |
| Religion | 0 | 0 | 0 | 0 | 0 | 0.00 | 0 | 0 | 0.00 | 0.00 | |
| Fine Arts - Visual | 0 | 0 | 1 | 0 | -5 | 0.00 | 0 | 0 | 0.00 | 0.00 | |
| Science - Other | 0 | 0 | 1 | 0 | -5 | 0.00 | 0 | 0 | 0.00 | 0.00 |